Neil Jordan - Návrat do Írska

Bibliographic Details
Main Author: -ezv- (Author)
Format: Article
Language:Slovak
PhysicalDescription:Fotogr. 4
ISSN:0862-8130
Subjects:

MARC

LEADER 00000nab a2200000 a 4500
001 vtls000492563
003 SK-MaSNL
005 20260303005144.0
008 150430c1993 xo 0 slo
015 |a SNBRB19rr/mm-uuuuu 
035 |a CL0492701 
040 |a SNKBUCL  |b slo  |c SNKBUCL  |e AACR2 
041 0 |a slo 
044 |a xo  |c SK 
080 |a 791.43(420)  |2 1981 
080 |a 791.44.071.1  |2 1981 
080 |a 929 Jordan, Neil  |2 1981 
100 1 |a -ezv-  |4 aut  |9 951505 
245 1 0 |a Neil Jordan - Návrat do Írska  |c -ezv- 
300 |b Fotogr. 4 
600 1 7 |a Jordan, Neil  |d 1950-  |2 snkbucl  |9 342839 
650 0 7 |a Hra na plač (film)  |2 snkbucl  |9 899367 
650 0 7 |a Jordan, Neil  |2 snkbucl  |9 985039 
655 7 |a články z novín a časopisov  |2 snkbucl  |9 267496 
773 0 |t Film Fan  |g Č. 33 (1993), s. 42  |x 0862-8130 
850 |a Slovenská národná knižnica v Martine  |a MTA001 
852 |a SNK  |b KIS3GCP 
958 |a RK 
958 |a BC 
992 |a RBX 
999 |c 1581044  |d 1582974